| 000 | 00618nam a2200241Ia 4500 | ||
|---|---|---|---|
| 008 | 160803s9999 xx 000 0 und d | ||
| 020 | _a9780590262637 | ||
| 100 | _aMaccarone, Grace | ||
| 245 | 4 | _aThe gym day winner / | |
| 245 | _cby Grace Maccarone ; illustrated by Betsy Lewin. | ||
| 260 | _aNew York : | ||
| 260 | _bScholastic Inc. | ||
| 260 | _c1996 | ||
| 300 | _a1 volume (unpaged) : | ||
| 300 | _bcolor illustrations ; | ||
| 300 | _c23 cm. | ||
| 650 | _aBasketball -- | ||
| 650 | _aSchools -- | ||
| 650 | _aStories in rhyme. | ||
| 650 | _xFiction. | ||
| 650 | _xFiction. | ||
| 700 | _a230 | ||
| 999 |
_c298885 _d298885 |
||